| 000 | 00948nam a22002177a 4500 | ||
|---|---|---|---|
| 001 | 2162214035923961 | ||
| 003 | UA-OsUOA | ||
| 005 | 20230816153937.0 | ||
| 008 | 230804b un ||||| |||| 00| 0 ukr d | ||
| 040 |
_aUA-OsUOA _bukr _cUA-OsUOA _dUA-OsUOA |
||
| 041 | _aukr | ||
| 082 | _2395 | ||
| 090 |
_a395 _bВ88 |
||
| 100 | _aВуд-Елейн М. | ||
| 245 |
_aЩо молода дівчина повинна знати: написано з матерньою любовю і лікарським знанням _cМ. Вуд-Елейн |
||
| 300 | _a92 с. | ||
| 650 |
_2UDC _a395 Церемоніал. Етикет. Правила поведінки.Соціальні сходинки. Звання. Титули |
||
| 856 | 4 | 0 | _uhttps://diasporiana.org.ua/wp-content/uploads/books/9636/file.pdf |
| 942 |
_2udc _cBR |
||
| 999 |
_c574841 _d574841 |
||